000 00563nam a2200241Ia 4500
003 OSt
005 20220924152406.0
006 a|||||r|||| 00| 0
007 ta
008 220923b |||||||| |||| 00| 0 mar d
020 _c4.00
024 _a342301
037 _cTextual
040 _aARTS
_cARTS
_bmar
041 _2mar
_amar
082 _aP155, G8
100 _aAapte A.V.
_9226545
245 0 _aBhasha prakash
260 _c1938
650 _aLINGUISTICS
942 _hP155, G8
_cTEXL
_2CC
999 _c469666
_d469666